书目信息 |
| 题名: |
西方哲学简史
|
|
| 作者: | 赵敦华 著 | |
| 分册: | 第2版 | |
| 出版信息: | 北京 北京大学出版社 2012.07 |
|
| 页数: | 372页 | |
| 开本: | 20cm | |
| 丛书名: | ||
| 单 册: | ||
| 中图分类: | B5 | |
| 科图分类: | ||
| 主题词: | 哲学--欧洲 | |
| 电子资源: | ||
| ISBN: | 978-7-301-20762-8 | |
| 000 | 00571nam0 2200193 450 | |
| 001 | 2138072587 | |
| 005 | 20211222103708.66 | |
| 010 | @a978-7-301-20762-8@dCNY58.00 | |
| 100 | @a20211222d2012 km y0chiy0120 ea | |
| 101 | 0 | @achi |
| 102 | @aCN@b110000 | |
| 200 | 1 | @a西方哲学简史@AXi Fang Zhe Xue Jian Shi@h第2版@f赵敦华著@FZhao Dun Hua Zhu |
| 210 | @a北京@c北京大学出版社@d2012.07 | |
| 215 | @a372页@d20cm | |
| 606 | 0 | @a哲学@x欧洲 |
| 690 | @aB5@v4 | |
| 701 | 0 | @a赵敦华@AZhao Dun Hua@4著 |
| 801 | 0 | @aCN@b大连网信软件有限公司图书馆·11@c20211222 |
| 905 | @aZUCC@dB5@eZ292=2 | |
| 西方哲学简史.第2版/赵敦华著.-北京:北京大学出版社,2012.07 |
| 372页;20cm |
| ISBN 978-7-301-20762-8:CNY58.00 |
| ● |
| 相关链接 |
|
|
|
正题名:西方哲学简史
索取号:B5/Z292=2
 
预约/预借
| 序号 | 登录号 | 条形码 | 馆藏地/架位号 | 状态 | 备注 |
| 1 | 0073458 | 200734580 | 社科库509/509社科库 16排3列3层/ [索取号:B5/Z292=2] |
已借出,限还日期为2026.05.23 借出人:吴正浩 |